पूर्वोत्तर के अरण्यों में / (Record no. 14694)

MARC details
000 -LEADER
fixed length control field 01137nam a22002537a 4500
005 - DATE AND TIME OF LATEST TRANSACTION
control field 20080801122236.0
008 - FIXED-LENGTH DATA ELEMENTS--GENERAL INFORMATION
fixed length control field 080801t xxu||||| |||| 00| 0 hin d
010 ## - LIBRARY OF CONGRESS CONTROL NUMBER
LC control number HIN-83864
020 ## - INTERNATIONAL STANDARD BOOK NUMBER
International Standard Book Number 8180830225
Terms of availability 150.00
035 ## - SYSTEM CONTROL NUMBER
System control number HN-56210
037 ## - SOURCE OF ACQUISITION
Source of stock number/acquisition DBAD / PUB
040 ## - CATALOGING SOURCE
Original cataloging agency DPL
Language of cataloging HN
082 ## - DEWEY DECIMAL CLASSIFICATION NUMBER
Classification number 915.4504
100 ## - MAIN ENTRY--PERSONAL NAME
Personal name घोष, तुषार
245 ## - TITLE STATEMENT
Title पूर्वोत्तर के अरण्यों में /
Statement of responsibility, etc तुषार घोष
246 ## - VARYING FORM OF TITLE
Title proper/short title Purvottar ke arnayon mein
Remainder of title by Tushar Gosh
260 ## - PUBLICATION, DISTRIBUTION, ETC. (IMPRINT)
Place of publication, distribution, etc दिल्ली
Name of publisher, distributor, etc विमल पुस्तक मंदिर
Date of publication, distribution, etc 2007
270 ## - ADDRESS
Address 430, महाराम मौहल्ला, शाहदरा
City दिल्ली
Postal code 110032
300 ## - PHYSICAL DESCRIPTION
Extent 144पृ.
Dimensions 22सेमी
650 ## - SUBJECT ADDED ENTRY--TOPICAL TERM
Topical term or geographic name as entry element य़ात्रा वृतांत
Geographic subdivision पर्यटन
650 ## - SUBJECT ADDED ENTRY--TOPICAL TERM
Topical term or geographic name as entry element Travelogue
General subdivision Tourism
942 ## - ADDED ENTRY ELEMENTS (KOHA)
Source of classification or shelving scheme Dewey Decimal Classification
Koha item type Hindi Books
Classification part 915.4504
Call number suffix घोषतु
Holdings
Withdrawn status Lost status Damaged status Not for loan Collection code Home library Current library Date acquired Source of acquisition Cost, normal purchase price Total Checkouts Full call number Barcode Date last seen Copy number Cost, replacement price Price effective from Koha item type
      Not For Loan Non-fiction D.B.Act.Division D.B.Act.Division 01/08/2008 DBAD / PUB 150.00   915.4504 घोषतु HN-56210 15/09/2008 1 150.00 15/09/2008 Hindi Books

© Delhi Public Library
Hit Counter
free hit counter